000 01674 a2200301 4500
003 Nust
005 20220803105522.0
010 _a 2007367331
020 _a0863415377
020 _a9780863415371
040 _cNust
082 0 0 _a621.317,GER
100 1 _aGers, Juan M.
_996384
245 1 0 _aProtection of Electricity Distribution Networks /
_cJuan M. Gers and Edward J. Holmes.
250 _a2nd. ed.
260 _aLondon :
_bInstitution of Electrical Engineers,
_cc2004
300 _ax, 342 p. :
_bill. ;
_c24 cm.
490 0 _aIEE power and energy series ;
_v47
505 _aIntroduction (Page-1), Calculation of short-circuit currents (Page-11), Classification and function of relays (Page-31), Current and voltage transformers (Page-45), Over current protection (Page-63), Fuses, reclosers and sectionalisers (Page-109), Directional overcurrent relays (Page-127), Differential protection (Page-149), Distance protection (Page-173), Protection of industrial systems (Page-225), Industrial plant load shedding (Page-239), Protection schemes and substation design Diagrams (Page-251), Processing alarms (Page-269), Installation, testing and maintenance of protection systems (Page-283),
650 0 _aElectric power distribution.
_941221
650 0 _aElectric power transmission.
_941269
650 0 _aTelecommunication Engineering
700 1 _aHolmes, E. J.
_d1928-
_996385
710 2 _aInstitution of Electrical Engineers.
856 4 1 _3Publisher description
_uhttp://www.loc.gov/catdir/enhancements/fy0652/2007367331-d.html
856 4 1 _3Table of contents only
_uhttp://www.loc.gov/catdir/enhancements/fy0652/2007367331-t.html
942 _cREF
_2ddc
999 _c176969
_d176969